<?xml version="1.0" encoding="UTF-8"?>
<collection xmlns="http://www.loc.gov/MARC21/slim">
 <record>
  <leader>00399pamaa2200157   4500</leader>
  <controlfield tag="001">0000034316</controlfield>
  <controlfield tag="005">20090630090000.0</controlfield>
  <datafield tag="020" ind1="0" ind2="0">
   <subfield code="a">9781847243355 (pbk.) </subfield>
  </datafield>
  <datafield tag="090" ind1="0" ind2="0">
   <subfield code="a">PS3566.E718.S53 </subfield>
   <subfield code="b">PER 2008</subfield>
  </datafield>
  <datafield tag="100" ind1="1" ind2="0">
   <subfield code="a">Perry </subfield>
  </datafield>
  <datafield tag="245" ind1="1" ind2="4">
   <subfield code="a">Silence  </subfield>
   <subfield code="c">Thomas Perry.</subfield>
  </datafield>
  <datafield tag="250" ind1="0" ind2="0">
   <subfield code="a">1st ed.</subfield>
  </datafield>
  <datafield tag="260" ind1="0" ind2="0">
   <subfield code="a">London: </subfield>
   <subfield code="b">Quercus, </subfield>
   <subfield code="c">2008.</subfield>
  </datafield>
  <datafield tag="300" ind1=" " ind2=" ">
   <subfield code="a">473p; </subfield>
   <subfield code="c">18cm.</subfield>
  </datafield>
  <datafield tag="650" ind1="0" ind2="0">
   <subfield code="a">Murder for hire -- </subfield>
   <subfield code="x">Fiction </subfield>
  </datafield>
  <datafield tag="700" ind1="1" ind2="1">
   <subfield code="a">Holmes, </subfield>
   <subfield code="h">Karen </subfield>
  </datafield>
 </record>
</collection>
